[Event "GER-chT School WK 3"]
[Site "Playchess.com INT"]
[Date "2020.06.15"]
[Round "3.4"]
[White "Bauer, Rasmus"]
[Black "Schwientek, Simon"]
[Result "1-0"]
[WhiteElo "1620"]
[BlackElo "1384"]
[PlyCount "139"]
[EventDate "2020.06.15"]
[EventType "team-swiss (blitz)"]
[EventRounds "5"]
[EventCountry "GER"]
[SourceTitle "EXT 2021"]
[Source "ChessBase"]
[SourceDate "2020.10.23"]
[SourceVersion "1"]
[SourceVersionDate "2020.10.23"]
[SourceQuality "1"]
[WhiteTeam "Ottweiler Gymn"]
[BlackTeam "Muelheim Markgraefler Gymn"]
[WhiteTeamCountry "GER"]
[BlackTeamCountry "GER"]

1. e4 e5 2. Bc4 Nc6 3. Nf3 Bc5 4. Nc3 d6 5. 0-0 Bg4 6. h3 Be6 7. d3 Bxc4 8. dxc4 Nf6 9. a4 0-0 10. b3 Nb4 11. Ba3 h6 12. Nb5 c6 13. Nbd4 Bxd4 14. Nxd4 exd4 15. Qxd4 Nxc2 16. Qd1 Nxa1 17. Qxa1 Nxe4 18. Qb1 Nd2 19. Qe1 Nxf1 20. Qxf1 c5 21. b4 cxb4 22. Bxb4 a5 23. Bc3 Qb6 24. Be1 Rfe8 25. Bd2 Qb3 26. Qc1 Qxa4 27. Qc3 Red8 28. Be3 Qd1+ 29. Kh2 d5 30. cxd5 Rxd5 31. Qc4 Rad8 32. Ba7 Rd4 33. Qc5 R8d5 34. Qc8+ Kh7 35. Bxd4 Rxd4 36. Qf5+ g6 37. Qxf7+ Kh8 38. Qf6+ Kg8 39. Qxg6+ Kf8 40. Qxh6+ Kf7 41. Qh7+ Kf6 42. Qh8+ Kg6 43. Qg8+ Kf5 44. Qf8+ Ke5 45. Qe8+ Kd5 46. Qd8+ Kc5 47. Qc8+ Kb6 48. Qe6+ Ka7 49. Qe3 a4 50. Qa3 Qe2 51. Qc5+ b6 52. Qxd4 Qc2 53. Qd7+ Ka6 54. Qc8+ Kb5 55. Qxc2 a3 56. Qa2 Kb4 57. h4 Ka4 58. h5 b5 59. h6 b4 60. Qc2+ b3 61. Qc4+ Ka5 62. Qxb3 a2 63. Qxa2+ Kb5 64. h7 Kc5 65. h8Q Kd6 66. Qh5 Kc6 67. Qa6+ Kc7 68. Qh7+ Kb8 69. Qag6 Kc8 70. Qgg8# 1-0